Humanitarian imperialism : (Record no. 55241)

MARC details
000 -LEADER
fixed length control field 00930 a2200241 4500
008 - FIXED-LENGTH DATA ELEMENTS--GENERAL INFORMATION
fixed length control field 100602t xxu||||| |||| 00| 0 eng d
010 ## - LCCN (DPL NO)
LC control number ENG-103388
020 ## - INTERNATIONAL STANDARD BOOK NUMBER
Terms of availability 350.00
International Standard Book Number 9788189833299
035 ## - SYSTEM CONTROL NUMBER
System control number EN-86921
037 ## - SOURCE OF ACQUISITION
Source of stock number/acquisition DBAD / PUB
040 ## - CATALOGING SOURCE
Original cataloging agency DPL
Language of cataloging Eng
082 ## - DEWEY DECIMAL CLASSIFICATION NUMBER
Classification number 341.584
100 ## - MAIN ENTRY--PERSONAL NAME
Personal name Bricmont, Jean
9 (RLIN) 32320
245 ## - TITLE STATEMENT
Title Humanitarian imperialism :
Statement of responsibility, etc by Jean Bricmont
Remainder of title using human rights to sell war /
260 ## - PUBLICATION, DISTRIBUTION, ETC. (IMPRINT)
Place of publication, distribution, etc Delhi
Name of publisher, distributor, etc Aakar Books
Date of publication, distribution, etc 2007
270 ## - ADDRESS
Address 28E Pocket 4, Mayur Vihar Phase 1,
City Delhi
Postal code 110091
Telephone number 011-22795505
Fax number 011-22795641
Electronic mail address aakarbooks@gmail.
300 ## - PHYSICAL DESCRIPTION
Extent 192p.
Dimensions 24cm (Hb)
500 ## - GENERAL NOTE
General note Includes bibliographical references and index
700 ## - ADDED ENTRY--PERSONAL NAME
9 (RLIN) 32354
710 ## - ADDED ENTRY--CORPORATE NAME
9 (RLIN) 32355
942 ## - ADDED ENTRY ELEMENTS (KOHA)
Institution code [OBSOLETE] dpl
Item type English Books
Source of classification or shelving scheme Dewey Decimal Classification
Call number suffix BRI
Classification part 341.584
Holdings
Withdrawn status Lost status Source of classification or shelving scheme Damaged status Not for loan Collection code Home library Current library Date acquired Source of acquisition Cost, normal purchase price Total Checkouts Full call number Barcode Date last seen Copy number Cost, replacement price Koha item type
    Dewey Decimal Classification   Not For Loan Non-fiction D.B.Act.Division D.B.Act.Division 11/08/2011 DBAD/PUB 350.00   341.584 BRI EN-86921 11/08/2011 1 350.00 English Books

© Delhi Public Library
Hit Counter
free hit counter